| 000 | 00496nam a2200133Ia 4500 | ||
|---|---|---|---|
| 008 | 260210s9999 xx 000 0 und d | ||
| 024 | _a08B-002-CE, 08B-007-CE & 08B-021-CE | ||
| 082 | _a658.3072 KHA | ||
| 100 | _aAli Moin Usman Khan, Muhammad Zeeshan Isani & Ghulam Rasool | ||
| 245 | 0 | _aGPS-GSM Integration for Enhancing Public Transportation Management Services | |
| 260 |
_aKarachi: _bUITU, _c2008 |
||
| 600 | _aComputer System Engineering | ||
| 650 | _aBachelor of Engineering (BE) | ||
| 999 |
_c32743 _d32743 |
||